00484nam a2200133Ia 4500008004100000100002600041245003400067260006900101300001100170650000900181856006800190999001900258952007300277160712s9999 xx 000 0 und d aSamar, Edgar Calabia. cEdgar Calabia SamaraMga Tula c2012bLikhaan: The Journal of Contemporary Philippine Literature avol. 6 xTULA uhttp://journals.upd.edu.ph/index.php/lik/issue/view/536/showToc c297507d297507 001040aCLbCLd2016-07-12l0r2016-07-12 00:00:00w2016-07-12yFEJ